Online
Catalog

Amar es la respuesta : (Record no. 39560)

MARC details
000 -CABECERA
campo de control de longitud fija 00703nam a2200193 a 4500
001 - NÚMERO DE CONTROL
campo de control 000040070
005 - FECHA Y HORA DE LA ÚLTIMA TRANSACCIÓN
campo de control 20201002033911.0
008 - DATOS DE LONGITUD FIJA--INFORMACIÓN GENERAL
campo de control de longitud fija 130805s1991 sp a 000 0 spa d
020 ## - NÚMERO INTERNACIONAL ESTÁNDAR DEL LIBRO
Número Internacional Estándar del Libro 8475096956
040 ## - FUENTE DE LA CATALOGACIÓN
Centro catalogador/agencia de origen DO-SdBNP
Lengua de catalogación spa
Centro/agencia transcriptor BNPHU
100 1# - ENTRADA PRINCIPAL--NOMBRE DE PERSONA
Nombre de persona Jampolsky, Gerald G.
9 (RLIN) 66327
240 10 - TÍTULO UNIFORME
Título uniforme Love is the answer
Lenguaje de la obra Español
245 10 - MENCIÓN DE TÍTULO
Título Amar es la respuesta :
Resto del título cómo establecer relaciones positivas /
Mención de responsabilidad, etc. Gerald G. Jampolsky, Diane V. Cirincione ; traducción Maricel Ford.
260 ## - PUBLICACIÓN, DISTRIBUCIÓN, ETC.
Lugar de publicación, distribución, etc. Barcelona :
Nombre del editor, distribuidor, etc. Paidós,
Fecha de publicación, distribución, etc. 1991.
300 ## - DESCRIPCIÓN FÍSICA
Extensión 180 p. :
Otras características físicas ils. ;
Dimensiones 23 cm.
500 ## - NOTA GENERAL
Nota general La biblioteca posee la tercera reimpresión de año 1991
590 ## - NOTA LOCAL (RLIN)
Nota local Inventariado,2019/VM
700 1# - PUNTO DE ACCESO ADICIONAL--NOMBRE DE PERSONA
Nombre de persona Ford, Maricel,
Término indicativo de función/relación trad.
9 (RLIN) 33649
Holdings
Estado de retiro Estado de pérdida Restricciones de uso No para préstamo Código de colección Localización permanente Ubicación/localización actual Ubicación en estantería Fecha de adquisición Número de inventario Total de préstamos Signatura topográfica completa Código de barras Fecha visto por última vez Precio válido a partir de Tipo de ítem Koha
        Monografías: Libros y Folletos General General Depósito 05.08.2013 LF1   40070-10 25.06.2020 25.06.2020 Préstamo en sala

Powered by Koha